000 00623nam a2200229 a 4500
005 20140310183305.0
008 050803s19uu xx 00 eng d
020 _a007-1243-15-1
050 _aHF 5549
_b.F86 2004
100 _aNoe, Raymond A.
245 _aFundamentals of human resource management /
_cRaymond A. Noe.
260 _aBoston :
_bIrwin McGraw-Hill,
_c2004.
300 _a567 p. ;
521 _aBSBA
650 _aPersonnel management.
700 _aHollenbeck, John R.
700 _aGerhart, Barry
700 _aWright, Patrick M.
942 _cBK
_2lcc
_kFOR
999 _c21068
_d21068